|
|
|
|
| LEADER |
01057cam a2200229 7i4500 |
| 001 |
0000010137 |
| 005 |
20210222090000.0 |
| 020 |
|
|
|a 9780309091930
|
| 020 |
|
|
|a 0309091934 (hbk.)
|
| 090 |
0 |
0 |
|a RA577.5
|b .I57 2004
|
| 110 |
2 |
|
|a Institute of Medicine (U.S.). Committee on Damp Indoor Spaces and Health
|
| 245 |
1 |
0 |
|a Damp indoor spaces and health
|c Committee on Damp Indoor Spaces and Health, Board on Health Promotion and Disease Prevention, Institute of Medicine of the National Academies.
|
| 260 |
|
|
|a Washington, D.C.:
|b The National Academies Press,
|c 2004.
|
| 300 |
|
|
|a xi, 355 p.:
|b ill.;
|c 24 cm.
|
| 504 |
|
|
|a Includes bibliographical references and index
|
| 650 |
0 |
0 |
|a Indoor air pollution --
|x Health aspects
|
| 650 |
0 |
0 |
|a Air --
|x Microbiology --
|x Health aspects
|
| 650 |
0 |
0 |
|a Dampness in buildings --
|x Health aspects
|
| 997 |
|
|
|a Engineering & Life Sciences, Faculty
|b Science & Biotechnology, Department
|
| 998 |
|
|
|a Bioinformatics, Degree
|
| 998 |
|
|
|a Biotechnology, Degree
|
| 999 |
|
|
|a 0000016002
|b BOK
|c OPEN SHELF
|e 2nd Floor, Bestari Jaya
|